<?xml version="1.0" encoding="UTF-8"?>
<record
    xmlns:xsi="http://www.w3.org/2001/XMLSchema-instance"
    xsi:schemaLocation="http://www.loc.gov/MARC21/slim http://www.loc.gov/standards/marcxml/schema/MARC21slim.xsd"
    xmlns="http://www.loc.gov/MARC21/slim">

  <leader>01759nam a22002297a 4500</leader>
  <controlfield tag="003">OSt</controlfield>
  <controlfield tag="005">20190417083842.0</controlfield>
  <controlfield tag="008">180302b        xxu||||| |||| 00| 0 spa d</controlfield>
  <datafield tag="020" ind1=" " ind2=" ">
    <subfield code="a">9505360738</subfield>
  </datafield>
  <datafield tag="040" ind1=" " ind2=" ">
    <subfield code="c">PJ</subfield>
  </datafield>
  <datafield tag="100" ind1=" " ind2=" ">
    <subfield code="9">95</subfield>
    <subfield code="a">Morello, Augusto Mario </subfield>
  </datafield>
  <datafield tag="245" ind1="1" ind2="0">
    <subfield code="a">Juicios sumarios :</subfield>
    <subfield code="b">interdictos, desalojos /</subfield>
    <subfield code="c">Augusto M. Morello; colaboraci&#xF3;n de  Alberto Tessone. </subfield>
    <subfield code="n">Tomo I</subfield>
  </datafield>
  <datafield tag="260" ind1=" " ind2=" ">
    <subfield code="a">La Plata :</subfield>
    <subfield code="b">Lep,</subfield>
    <subfield code="c">1995.</subfield>
  </datafield>
  <datafield tag="300" ind1=" " ind2=" ">
    <subfield code="a">545 p. </subfield>
    <subfield code="c">22 cm.</subfield>
  </datafield>
  <datafield tag="505" ind1=" " ind2=" ">
    <subfield code="a">Principios generales -- Interdictos de adquirir -- Interdicto de retener -- Interdicto de recobrar -- Interdicto de obra nueva -- Tr&#xE1;mites -- Acciones posesorias -- Relaci&#xF3;n entre el proceso de desalojo y los interdictos y acciones posesorias -- Denuncia de da&#xF1;o temido -- Oposici&#xF3;n a la ejecuci&#xF3;n de reparaciones urgentes -- Proceso de desalojo: caracterizaci&#xF3;n; a qui&#xE9;nes se acuerda la acci&#xF3;n de desalojo -- Legitimados pasivos especiales -- Otros casos -- El sublocatario -- Otros ocupantes --Demanda de desalojo -- Prueba -- Sentencia y modos anormales de terminaci&#xF3;n del proceso -- Recursos -- Ejecuci&#xF3;n de sentencia; condena de futuro; medidas cautelares; mejoras, derecho de retenci&#xF3;n; relaciones entre el juicio de desalojo y el cobro ejecutivo de alquileres -- Relaciones entre el juicio de desalojo y el proceso por da&#xF1;os y perjuicios -- Nulidad del proceso por v&#xED;a incidente -- Legislaci&#xF3;n de emergencia y el proceso de desalojo; desalojo del fondo de comercio -- Desalojo de finca agraria -- Jurisprudencia.</subfield>
  </datafield>
  <datafield tag="650" ind1=" " ind2="0">
    <subfield code="9">267</subfield>
    <subfield code="a">DERECHO PROCESAL</subfield>
  </datafield>
  <datafield tag="650" ind1=" " ind2="0">
    <subfield code="9">2325</subfield>
    <subfield code="a">JUICIO SUMARIO</subfield>
  </datafield>
  <datafield tag="650" ind1=" " ind2="0">
    <subfield code="9">2025</subfield>
    <subfield code="a">JUICIO DE DESALOJO</subfield>
  </datafield>
  <datafield tag="650" ind1=" " ind2="0">
    <subfield code="9">3974</subfield>
    <subfield code="a">INTERDICTOS POSESORIOS</subfield>
  </datafield>
  <datafield tag="700" ind1=" " ind2=" ">
    <subfield code="9">2476</subfield>
    <subfield code="a">Tessone, Alberto J.</subfield>
    <subfield code="e">colaborador</subfield>
  </datafield>
  <datafield tag="942" ind1=" " ind2=" ">
    <subfield code="2">udc</subfield>
    <subfield code="c">LIB</subfield>
    <subfield code="h">347.919.7</subfield>
    <subfield code="i">MOR</subfield>
  </datafield>
  <datafield tag="999" ind1=" " ind2=" ">
    <subfield code="c">1532</subfield>
    <subfield code="d">1532</subfield>
  </datafield>
  <datafield tag="952" ind1=" " ind2=" ">
    <subfield code="0">0</subfield>
    <subfield code="1">0</subfield>
    <subfield code="2">udc</subfield>
    <subfield code="4">0</subfield>
    <subfield code="7">0</subfield>
    <subfield code="a">DJS</subfield>
    <subfield code="b">DJS</subfield>
    <subfield code="d">2018-09-24</subfield>
    <subfield code="o">347.919.7 MOR</subfield>
    <subfield code="p">0399</subfield>
    <subfield code="r">2018-09-24</subfield>
    <subfield code="w">2018-09-24</subfield>
    <subfield code="y">LIB</subfield>
  </datafield>
</record>
